Catalog

Record Details

Catalog Search



Say no to the bro  Cover Image Book Book

Say no to the bro / Kat Helgeson.

Helgeson, Kat. (Author).

Summary:

"Two teens become entangled in a cut-throat prom date auction in this story that is equal parts dark comedy, high school romance, and timely social commentary; and loosely inspired by true events"-- Provided by publisher.

Record details

  • ISBN: 9781481471930
  • ISBN: 1481471937
  • ISBN: 9781481471947
  • ISBN: 1481471945
  • Physical Description: 264 pages ; 22 cm
  • Edition: First edition.
  • Publisher: New York : Simon & Schuster BFYR, ©2017.
Subject: High schools > Fiction.
Schools > Fiction.
Proms > Fiction.
Dating (Social customs) > Fiction.
Love > Fiction.
Genre: Romance fiction.
Humorous fiction.
Novels.

LDR 01520nam a22004218i 4500
001144566
003CONS
00520171003101632.0
008161013s2017 nyu d 000 f eng
010 . ‡a 2016028164
020 . ‡a9781481471930 ‡q(hardback)
020 . ‡a1481471937 ‡q(hardback)
020 . ‡a9781481471947 ‡q(paperback)
020 . ‡a1481471945 ‡q(paperback)
035 . ‡a(CPomAG)LMN601911
042 . ‡alcac ‡apcc
05000. ‡aPZ7.1.H446 ‡bSay 2017
08200. ‡a[Fic] ‡223
1001 . ‡aHelgeson, Kat.
24510. ‡aSay no to the bro / ‡cKat Helgeson.
250 . ‡aFirst edition.
264 1. ‡aNew York : ‡bSimon & Schuster BFYR, ‡c©2017.
300 . ‡a264 pages ; ‡c22 cm
336 . ‡atext ‡btxt ‡2rdacontent
337 . ‡aunmediated ‡bn ‡2rdamedia
338 . ‡avolume ‡bnc ‡2rdacarrier
520 . ‡a"Two teens become entangled in a cut-throat prom date auction in this story that is equal parts dark comedy, high school romance, and timely social commentary; and loosely inspired by true events"-- ‡cProvided by publisher.
650 1. ‡aHigh schools ‡vFiction.
650 1. ‡aSchools ‡vFiction.
650 1. ‡aProms ‡vFiction.
650 1. ‡aDating (Social customs) ‡vFiction.
650 1. ‡aLove ‡vFiction.
655 7. ‡aRomance fiction. ‡2lcgft
655 7. ‡aHumorous fiction. ‡2lcgft
655 7. ‡aNovels. ‡2lcgft
914 . ‡aSCP_kt
959 . ‡i32269001026791 ‡lYA Hel ‡aYoung Adult - Fiction ‡tYA Fiction ‡g18.00
852 . ‡p32269001026791 ‡jYA Hel ‡gYoung Adult - Fiction ‡cYA Fiction ‡y18.00 ‡bSBPL
901 . ‡a144566 ‡bUnknown ‡c144566 ‡tbiblio

Additional Resources